00761nab a2200217 uc450000100070000000500170000700800410002403500110006503500210007604000130009704100080011010000370011824501020015565000400025765000230029765000260032065000150034670000420036170000340040377301060043766666720240921090734.0010525e20000701 spa  a666667 a(OCoLC)819908467 ccomduadb aspa10aRestrepo, Hector Fabio4auteaut10aHacia el desarrollo de nuevas maquinas computacionales: lecciones que aprendemos de la naturaleza 7aRedes neurales (Computadores)2lemb 7aEmbriología2dcs aSistemas inteligentes aBiosistema10aPeña Reyes, Carlos Andres4auteaut10aPerez Uribe, Andres4auteaut0 tEnergía y Computación (Cali)gVol. 09, No. 02, Jul.-Dic. 2000, p. 40-47w119991x0121-5299069582